| 000 | 00470cam a2200157 a 4500 | ||
|---|---|---|---|
| 020 | _a0471585327 (acidfree paper) | ||
| 020 | _a0471585319 (pbk. : acidfree paper) : | ||
| 040 | _cDLC | ||
| 082 | 0 | 0 | _a004 JWI 1994 A007 Or. |
| 100 | 1 | _aBochenski, Barbara, | |
| 245 | 1 | 0 | _aImplementing production-quality client/server systems / |
| 260 |
_aNew York : _bJ. Wiley, _cc1994. |
||
| 300 |
_axxi, 442 p. : _bill. ; _c24 cm. |
||
| 650 | 0 | _aClient/server computing. | |
| 942 | _cEK | ||
| 999 |
_c12499 _d12499 |
||